|
|
|
|
| LEADER |
00000nam0a2200000 4500 |
| 001 |
314803 |
| 005 |
20231102002720.0 |
| 035 |
|
|
|a (RuTPU)RU\TPU\book\340234
|
| 090 |
|
|
|a 314803
|
| 100 |
|
|
|a 20160219d1963 km y0rusy50 ca
|
| 101 |
0 |
|
|a rus
|
| 102 |
|
|
|a RU
|
| 105 |
|
|
|a a z 001zy
|
| 200 |
1 |
|
|a Номограммы для расчета характеристик электрических фильтров
|f В. П. Марейчев, Х. И. Черне
|
| 210 |
|
|
|a Москва
|c Связьиздат
|d 1963
|
| 215 |
|
|
|a 88 с.
|c ил.
|
| 320 |
|
|
|a Библиогр.: с. 87
|
| 606 |
1 |
|
|a Фильтры электрические
|x Расчет
|2 stltpush
|3 (RuTPU)RU\TPU\subj\63953
|9 80884
|
| 610 |
1 |
|
|a номограммы
|
| 610 |
1 |
|
|a схемы
|
| 610 |
1 |
|
|a нагрузки
|
| 610 |
1 |
|
|a сопротивления
|
| 610 |
1 |
|
|a фильтры
|
| 610 |
1 |
|
|a четырехполюсники
|
| 675 |
|
|
|a 621.372.54.001.24
|v 4
|
| 700 |
|
1 |
|a Марейчев
|b В. П.
|g Владимир Петрович
|
| 701 |
|
1 |
|a Черне
|b Х. И.
|g Хаим Исакович
|
| 801 |
|
1 |
|a RU
|b 63413507
|c 20160219
|
| 801 |
|
2 |
|a RU
|b 63413507
|c 20171025
|g RCR
|
| 942 |
|
|
|c BK
|